00682nam a2200229 a 4500001001300000003000900013005001700022008004100039020001000080082001700090245006700107260004400174300000800218500003500226505001000261650002400271710003000295902000800325942000700333952009700340999001500437nice12345678IN_TiNIC20260116012217.0050524s1977 gena grp 000 0 eng  ac10000a230.046bWCC aMinistry With the Poorb a World Consultation in Latin America aGenevabWorld Council of Churchesc1977 a80p aincludes index and biblioraphy2 aIndex aLiberation-Theology2 aWorld Council of Churches bSRS cBK 00104070aHMIbHMId2007-08-01g100.00l0o230.046 WCCp08463r2007-08-01w2026-01-16yEB c6093d6093